000 00402nam a2200157Ia 4500
008 230917s9999||||xx |||||||||||||| ||und||
020 _cPOU4.95
040 _e4415
_aMAIN
041 _aEnglish
082 _a332.452 M83F
100 _aMorrell, James
245 0 _aFuture of the dollar and the world reserve system
260 _aLondon
_bButterworths
_c1981
300 _aviii, 145 p.
942 _cBK
999 _c220954
_d220954